Представление документа в формате RUSMARC

ПолеНазваниеЗначение
  Тип записи a
  Библиографический уровень m
001 Контрольный номер RU\NLR\BIBL_A\022387374
005 Дата корректировки 20251008102635.6
010 Индекс ISBN __
a ISBN 978-5-235-05176-8
9 Тираж 2000 экз.
b Уточнения в пер.
100 Данные общей обработки __
a Данные общей обработки 20250717d2024 u y0rusa50 ca
101 Язык документа 0_
a Язык текста rus
102 Страна публикации __
a Страна публикации RU
105 Кодированные данные (монография) __
a Кодированные данные (монография) ach z 000yb
200 Заглавие и сведения об ответственности 1_
a Заглавие Петр I
f Первые сведения об ответственности Н. И. Павленко
203 Вид содержания и тип средства __
a Вид содержания Текст
b Характеристика содержания визуальный
c Тип средства непосредственный
205 Сведения об издании __
a Основные сведения об издании Изд. 10-е
210 Выходные данные 1_
a Место издания Москва
c Издательство Молодая гвардия
d Дата издания 2024
215 Физическое описание __
a Объем 426, [2] с.
c Иллюстрации/тип воспроизводства ил., [16] л. ил., факс., портр.
d Формат 21 см
225 Серия 1_
a Серия Жизнь замечательных людей
e Сведения, относящиеся к заглавию серии серия биографий
f Сведения об ответственности основана в 1890 году Ф. Павленковым и продолжена в 1933 году М. Горьким
v Обозначение тома вып. 2219 (2019)
333 Примечание о целевом назначении __
a Примечание о целевом назначении 16+
517 Другие варианты заглавия 1_
a Другие варианты заглавия Петр первый
517 Другие варианты заглавия 1_
a Другие варианты заглавия Петр 1
600 Персоналии _0
a Персоналии (Фамилия) Петр
d Римские цифры I
c Дополнение к имени император российский
f Даты 1672 - 1725
606 Тематические рубрики 0_
a Основная рубрика Русское государство
x Основная подрубрика История
z Хронологическая подрубрика 17 в.
j Формальный подзаголовок Биографии
610 Ключевые слова 0_
a Ключевые слова Русское государство 17 в.; история Русского государства 17 в.; императоры российские; жизнь замечательных людей; биография Петра I (имп.)
686 Индексы других классификаций __
a Классификационный индекс 63.3(2)511-332-8
2 Код системы rubbk
700 Автор _1
a Фамилия Павленко
b Имя (инициалы) Н. И.
c Титул (звания) д-р ист. наук
f Даты 1916-2016
g Полное личное имя Николай Иванович
701 Альтернативная интеллектуальная ответственность _0
a Фамилия Петр
c Титул (звания) император российский
d Династический номер I
f Даты 1672-1725
4 Код отношения 570
801 Источник записи _0
a Страна RU
b Организация NLR
c Дата составления 20241121
g Правила каталогизации RCR
801 Источник записи _1
a Страна RU
b Организация NLR
c Дата составления 20241121
2 Код формата rusmarc
801 Источник записи _2
a Страна RU
b Организация Ульяновская ОНБ
c Дата составления 20250717
g Правила каталогизации RCR
900 Электронные ресурсы __
a Имя электронного ресурса гф0430
900 Электронные ресурсы __
a Имя электронного ресурса гф0431
901 Тип документа __
t Тип документа m
909 Создатель записи __
a Создатель записи Макушик
b Дата создания записи 20250717
910 Корректоры записи __
a Корректор записи Горбункова
b Дата внесения изменения в запись 20251008